Premier League 2007-08 - Statistics

General Stats
  • This quiz has been taken 14 times
  • The average score is 15 of 20
Answer Stats
# Team Points % Correct
6. Aston Villa 60
100%
2. Chelsea 85
100%
1. Manchester United 87
100%
3. Arsenal 83
92%
5. Everton 65
92%
4. Liverpool 76
92%
9. Manchester City 55
92%
10. West Ham United 49
85%
17. Fulham 36
77%
8. Portsmouth 57
77%
11. Tottenham Hotspur 46
77%
7. Blackburn Rovers 58
69%
16. Bolton Wanderers 37
69%
12. Newcastle United 43
69%
15. Sunderland 39
69%
20. Derby County 11
62%
19. Birmingham City 35
54%
13. Middlesbrough 42
54%
14. Wigan Athletic 40
46%
18. Reading 36
38%
No matching quizzes found
Score Distribution
Percent of People with Each Score
Percentile by Number Answered
Your Score History
You have not taken this quiz